Understanding Gen Z’s fashion preferences and the role of communication in sustainability

Bibliográfiai részletek
Szerzők: Egedi Gerda
Furcsa Laura
Oravecz Titanilla
Szegedi Krisztina
Dokumentumtípus: Könyv része
Megjelent: Budapesti Gazdaságtudományi Egyetem Budapest, Magyarország 2026
Sorozat:ESG - Risk Management or New Sustainability? VIII.BUEB International Sustainability Student ConferenceProceedings - Budapest University of Economics and Business 2025
Tárgyszavak:
doi:10.29180/978-615-6886-27-9_3

Kulcsszavak:Sustainability
fashion
sustainable fashion
second-hand
marketing
communication
Online Access:http://publikaciotar.uni-bge.hu/2633

MARC

LEADER 00000naa a2200000 i 4500
001 publ2633
005 20260326115415.0
008 260326s2026 hu o 000 zxx d
020 |a 978-615-6886-27-9 
024 |a 10.29180/978-615-6886-27-9_3  |2 doi 
040 |a BGE Publikációtár Repozitórium  |b hun 
100 1 |a Egedi Gerda 
245 1 0 |a Understanding Gen Z’s fashion preferences and the role of communication in sustainability  |c Egedi Gerda  |h [elektronikus dokumentum] 
260 |a Budapesti Gazdaságtudományi Egyetem  |b Budapest, Magyarország  |c 2026 
300 |a 1-13 
490 0 |a ESG - Risk Management or New Sustainability? VIII.BUEB International Sustainability Student ConferenceProceedings - Budapest University of Economics and Business 2025 
650 4 |a média- és kommunikációs tudományok 
695 |a Sustainability 
695 |a fashion 
695 |a sustainable fashion 
695 |a second-hand 
695 |a marketing 
695 |a communication 
700 1 |a Furcsa Laura  |e aut 
700 1 |a Oravecz Titanilla  |e aut 
700 1 |a Szegedi Krisztina  |e aut 
856 4 0 |u https://publikaciotar.uni-bge.hu/id/eprint/2633/1/SUS%20Conference%20Proceedings%20-%20ESG%20Risk%20Managenemt_3.cikk.pdf  |z Dokumentum-elérés